<?xml version='1.0' encoding='UTF-8'?>
  <record xmlns="http://www.loc.gov/MARC21/slim">
    <leader>00000cam a2200000 i 4500</leader>
    <controlfield tag="001">ocn902597703</controlfield>
    <controlfield tag="003">OCoLC</controlfield>
    <controlfield tag="005">20250225013844.4</controlfield>
    <controlfield tag="008">150130s1594    fr            000 0 ger d</controlfield>
    <datafield tag="040" ind1=" " ind2=" ">
      <subfield code="a">NLGGC</subfield>
      <subfield code="b">eng</subfield>
      <subfield code="e">rda</subfield>
      <subfield code="e">dcrmr</subfield>
      <subfield code="c">NLGGC</subfield>
      <subfield code="d">OCLCO</subfield>
      <subfield code="d">OCLCL</subfield>
      <subfield code="d">QGJ</subfield>
      <subfield code="d">OCLCA</subfield>
      <subfield code="d">QGJ</subfield>
      <subfield code="d">OCLCQ</subfield>
    </datafield>
    <datafield tag="029" ind1="0" ind2=" ">
      <subfield code="a">NLGGC</subfield>
      <subfield code="b">388944536</subfield>
    </datafield>
    <datafield tag="035" ind1=" " ind2=" ">
      <subfield code="a">(OCoLC)902597703</subfield>
    </datafield>
    <datafield tag="100" ind1="1" ind2=" ">
      <subfield code="a">Gabelkover, Oswald,</subfield>
      <subfield code="d">1539-1616,</subfield>
      <subfield code="e">author.</subfield>
      <subfield code="4">aut</subfield>
      <subfield code="1">https://id.oclc.org/worldcat/entity/E39PBJccdkMTDMwpTMJDCypHG3</subfield>
    </datafield>
    <datafield tag="245" ind1="1" ind2="0">
      <subfield code="a">Artzney Buch: Vast für alle des menschlichen Leybes Anligen vnnd Gebrechen, ausserlesene vnnd bewerte Artzneyen vnd sonderbare Künste begreyffend. :/</subfield>
      <subfield code="c">Auss vielen Hohen vnnd Nidern Stands Personen geschriebnen Artzney vnd Kunstbüchern zusammen getragen: vnd, Durch gnedigen Beuelch Weyland des Durchleuchtigen, Hochgebohrnen Fürsten vnnd Herrn, Herrn Ludwigen, Hertzogen zu Wirtemberg vnd Teck, Grauen zu Mümpelgart, &amp;c. hochlöblichster Gedechtnuss, Gemeinem Teutschen Vatterland zu gutem, in Truck verfertiget: Durch Hochermeldter F. D. vnnd G. Hoffmedicum, Osswaldt Gäbelkhouern, der Artney Doctorn.</subfield>
    </datafield>
    <datafield tag="246" ind1="1" ind2=" ">
      <subfield code="i">Title volume 2:</subfield>
      <subfield code="a">Ander Theil diss Artzneybuchs. :</subfield>
      <subfield code="b">Von Anligen vnd Kranckheiten des weybliche Geslechts, vnd der jungen Kinder</subfield>
    </datafield>
    <datafield tag="246" ind1="1" ind2=" ">
      <subfield code="i">Title volume 3-5:</subfield>
      <subfield code="a">Dritte, vierdte vnnd fünffte Theil, des Artzneybuchs</subfield>
    </datafield>
    <datafield tag="264" ind1=" " ind2="1">
      <subfield code="a">Getruckt zu Strassburg, :</subfield>
      <subfield code="b">in Verlegung Lazari Zetzners.,</subfield>
      <subfield code="c">1594.</subfield>
    </datafield>
    <datafield tag="300" ind1=" " ind2=" ">
      <subfield code="a">5 parts in 3 volumes ([16], 691 pages; 240, [2]; 463, [6] pages) ;</subfield>
      <subfield code="c">16 cm (8vo)</subfield>
    </datafield>
    <datafield tag="336" ind1=" " ind2=" ">
      <subfield code="a">text</subfield>
      <subfield code="b">txt</subfield>
      <subfield code="2">rdacontent</subfield>
    </datafield>
    <datafield tag="337" ind1=" " ind2=" ">
      <subfield code="a">unmediated</subfield>
      <subfield code="b">n</subfield>
      <subfield code="2">rdamedia</subfield>
    </datafield>
    <datafield tag="338" ind1=" " ind2=" ">
      <subfield code="a">volume</subfield>
      <subfield code="b">nc</subfield>
      <subfield code="2">rdacarrier</subfield>
    </datafield>
    <datafield tag="500" ind1=" " ind2=" ">
      <subfield code="a">Title page volume 1 printed in red and black.</subfield>
    </datafield>
    <datafield tag="500" ind1=" " ind2=" ">
      <subfield code="a">Volume 2 titled: Ander Theil diss Artzneybuchs. : Von Anligen vnd Kranckheiten des weybliche Geslechts, vnd der jungen Kinder.</subfield>
    </datafield>
    <datafield tag="500" ind1=" " ind2=" ">
      <subfield code="a">Volume 3-5 titled: Der Dritte, vierdte vnnd fünffte Theil, des Artzneybuchs.</subfield>
    </datafield>
    <datafield tag="500" ind1=" " ind2=" ">
      <subfield code="a">Imprint volume 1: 1594 Getruckt zu Strassburg, in Verlegung Lazari Zetzners; volume 2: Getruckt im Jar Christi 1594. volume: 3-5: Getruckt im Jar Christi. 1594.</subfield>
    </datafield>
    <datafield tag="500" ind1=" " ind2=" ">
      <subfield code="a">Initials.</subfield>
    </datafield>
    <datafield tag="500" ind1=" " ind2=" ">
      <subfield code="a">Signatures: volume 1: )(⁸ a-z⁸ A-V⁸; )(1v, V7v and V8 and are blank; volume 2: Aa-Pp⁸ Qq²; Aav1, and Qq2 are blank; volume 3-5: AA-ZZ⁸ AAa-EEe⁸ FFf⁶; AA1v, and FFf6v are blank; FFf1 signed FF1, FFf2 signed FF2, FFf3 unsigned.</subfield>
    </datafield>
    <datafield tag="500" ind1=" " ind2=" ">
      <subfield code="a">AA1v, and FFf6v are blank;</subfield>
    </datafield>
    <datafield tag="510" ind1="3" ind2=" ">
      <subfield code="3">volume 1</subfield>
      <subfield code="a">Not in: Verzeichnis der im deutschen Sprachbereich erschienenen Drucke des 16. Jahrhunderts (VD 16)</subfield>
    </datafield>
    <datafield tag="510" ind1="4" ind2=" ">
      <subfield code="3">volume 2-5</subfield>
      <subfield code="a">Verzeichnis der im deutschen Sprachbereich erschienenen Drucke des 16. Jahrhunderts (VD 16),</subfield>
      <subfield code="c">G 16</subfield>
    </datafield>
    <datafield tag="650" ind1=" " ind2="0">
      <subfield code="a">Medicine</subfield>
      <subfield code="v">Early works to 1800.</subfield>
    </datafield>
    <datafield tag="650" ind1=" " ind2="6">
      <subfield code="a">Médecine</subfield>
      <subfield code="v">Ouvrages avant 1800.</subfield>
    </datafield>
    <datafield tag="650" ind1=" " ind2="7">
      <subfield code="a">Medicine</subfield>
      <subfield code="2">fast</subfield>
    </datafield>
    <datafield tag="655" ind1=" " ind2="7">
      <subfield code="a">Early works</subfield>
      <subfield code="2">fast</subfield>
    </datafield>
    <datafield tag="700" ind1="1" ind2=" ">
      <subfield code="a">Zetzner, Lazarus,</subfield>
      <subfield code="d">1551-1616,</subfield>
      <subfield code="e">printer.</subfield>
      <subfield code="4">prt</subfield>
    </datafield>
    <datafield tag="752" ind1=" " ind2=" ">
      <subfield code="a">France</subfield>
      <subfield code="d">Strasbourg,</subfield>
      <subfield code="e">publication place.</subfield>
      <subfield code="4">pup</subfield>
    </datafield>
    <datafield tag="881" ind1=" " ind2=" ">
      <subfield code="c">Artzney Buch:||Vast für alle des menschli-||chen Leybes Anligen vnnd Gebre-||chen/ außerlesene vnnd bewerte Artz-||neyen vnd sonderbare Künste||begreyffend.</subfield>
    </datafield>
    <datafield tag="936" ind1=" " ind2=" ">
      <subfield code="a">BATCHLOAD</subfield>
    </datafield>
  </record>